Význam ochranných známok v medzinárodnom podnikaní bakalárska práca

Guardado en:
Detalles Bibliográficos
Autor principal: Hegedüsová, Táňa
Autor Corporativo: Obchodná fakulta EU. Katedra obchodného práva
Otros Autores: Kropaj, Marián, 1983-
Formato: Libro
Lenguaje:eslovaco
Publicado: Bratislava 2018
Etiquetas: Agregar Etiqueta
Sin Etiquetas, Sea el primero en etiquetar este registro!

MARC

LEADER 00000nbm a2200000 4500
001 0245044
005 20180730130441.2
041 0 |a slo 
044 |a SK 
245 1 0 |a Význam ochranných známok v medzinárodnom podnikaní  |b bakalárska práca  |c Táňa Hegedüsová ; školiteľ: Marian Kropaj 
264 1 |a Bratislava  |c 2018 
300 |a 42 s. 
100 1 |a Hegedüsová, Táňa 
700 1 |a Kropaj, Marián, 1983- 
710 2 |a Obchodná fakulta EU. Katedra obchodného práva